[Event "IND-ch U19"]
[Site "Ahmedabad"]
[Date "2023.09.21"]
[Round "2"]
[White "Boricha, Yohan"]
[Black "Dhyey, Agarwal"]
[Result "0-1"]
[WhiteElo "1658"]
[BlackElo "2178"]
[PlyCount "120"]
[EventDate "2023.09.20"]
[EventType "swiss"]
[EventRounds "11"]
[EventCountry "IND"]
[SourceTitle "EXT 2024"]
[Source "ChessBase"]
[SourceDate "2023.10.10"]
[SourceVersion "1"]
[SourceVersionDate "2023.10.10"]
[SourceQuality "1"]

1. e4 e5 2. Nf3 Nc6 3. Bc4 Bc5 4. c3 Nf6 5. d3 a6 6. 0-0 d6 7. d4 Bb6 8. dxe5 Nxe5 9. Nxe5 dxe5 10. Qxd8+ Kxd8 11. Nd2 Ke7 12. h3 Be6 13. Re1 Rad8 14. Bxe6 Kxe6 15. Nc4 Bc5 16. Na5 Rd3 17. Nb3 Bb6 18. Bg5 Rhd8 19. Bxf6 Kxf6 20. Re2 a5 21. Rae1 h5 22. Kf1 h4 23. Nc1 R3d7 24. g3 hxg3 25. fxg3 Ke6 26. Kg2 Rd1 27. Kf3 a4 28. a3 Rxe1 29. Rxe1 Rd2 30. Re2 Rd1 31. Rc2 g6 32. b3 axb3 33. Nxb3 Rd3+ 34. Kg2 Re3 35. a4 Rxe4 36. a5 Ba7 37. Rb2 Ra4 38. Kf3 Ra3 39. Ke2 b6 40. axb6 Bxb6 41. Kd3 Ra8 42. Nd2 Rd8+ 43. Ke2 Rh8 44. h4 g5 45. hxg5 Rh2+ 46. Kf3 Kf5 47. g4+ Kg6 48. Kg3 Re2 49. Nc4 Rxb2 50. Nxb2 Ba5 51. Nd1 Kxg5 52. Kf3 Bb6 53. Nb2 e4+ 54. Kxe4 Kxg4 55. Kd5 f5 56. Kc6 Kg3 57. Kb5 f4 58. c4 f3 59. Nd3 Be3 60. Kc6 Bf4 0-1

[Event "Mumbai Wealth op 7th"]
[Site "Mumbai"]
[Date "2022.12.28"]
[Round "4"]
[White "Aryan, Sista"]
[Black "Boricha, Yohan"]
[Result "0-1"]
[WhiteElo "1442"]
[BlackElo "1652"]
[PlyCount "68"]
[EventDate "2022.12.26"]
[EventType "swiss"]
[EventRounds "9"]
[EventCountry "IND"]
[SourceTitle "EXT 2024"]
[Source "ChessBase"]
[SourceDate "2023.10.10"]
[SourceVersion "1"]
[SourceVersionDate "2023.10.10"]
[SourceQuality "1"]

1. e4 c5 2. Nf3 Nc6 3. d4 cxd4 4. Nxd4 g6 5. Nc3 Bg7 6. Be3 Nf6 7. Bc4 Qa5 8. f3 Qb4 9. Bb3 Nxe4 10. Nxc6 Bxc3+ 11. bxc3 Qxc3+ 12. Ke2 dxc6 13. Bd4 e5 14. fxe4 Bg4+ 15. Kf2 Qxd4+ 16. Qxd4 exd4 17. h3 Be6 18. Rhd1 0-0-0 19. Rd3 Rhe8 20. Rad1 Bxb3 21. axb3 Rxe4 22. b4 Rde8 23. Rxd4 Rxd4 24. Rxd4 f5 25. g4 Re4 26. Rxe4 fxe4 27. Ke3 Kd7 28. Kxe4 Kd6 29. h4 c5 30. c3 cxb4 31. cxb4 b6 32. h5 gxh5 33. gxh5 a5 34. bxa5 bxa5 0-1

[Event "Bikaner op 1st"]
[Site "Bikaner"]
[Date "2022.10.09"]
[Round "10"]
[White "Boricha, Yohan"]
[Black "Tejas Shah, Jihan"]
[Result "0-1"]
[WhiteElo "1603"]
[BlackElo "1828"]
[PlyCount "64"]
[EventDate "2022.10.01"]
[EventType "swiss"]
[EventRounds "10"]
[EventCountry "IND"]
[SourceTitle "CBM 210 Extra"]
[Source "ChessBase"]
[SourceDate "2022.11.30"]
[SourceVersion "1"]
[SourceVersionDate "2022.11.30"]
[SourceQuality "1"]

1. e4 c5 2. Nf3 Nc6 3. d4 cxd4 4. Nxd4 Qb6 5. Nb3 Nf6 6. Nc3 e6 7. Be3 Qc7 8. Bd3 Bb4 9. 0-0 Bxc3 10. bxc3 d5 11. exd5 Nxd5 12. Qg4 0-0 13. Bc5 Rd8 14. f4 b6 15. Ba3 Nce7 16. c4 Ne3 17. Qh3 Rxd3 18. cxd3 Nxf1 19. Rxf1 Ng6 20. Qg3 h5 21. Nd2 h4 22. Qe3 Bb7 23. h3 Rd8 24. Ne4 Qc6 25. Rf2 Qa4 26. Ng5 Qxa3 27. Nxf7 Rxd3 28. Qe1 Rc3 29. Rf1 Qb2 30. Rf2 Qc1 31. Qxc1 Rxc1+ 32. Kh2 Kxf7 0-1

[Event "Mumbai Wealth U2050 op 5th"]
[Site "Mumbai"]
[Date "2020.01.04"]
[Round "3"]
[White "Boricha, Yohan"]
[Black "Suthershun, A."]
[Result "1-0"]
[WhiteElo "1616"]
[BlackElo "1813"]
[PlyCount "87"]
[EventDate "2020.01.02"]
[EventType "swiss"]
[EventRounds "9"]
[EventCountry "IND"]
[SourceTitle "CBM 194 Extra"]
[Source "ChessBase"]
[SourceDate "2020.03.31"]
[SourceVersion "1"]
[SourceVersionDate "2020.03.31"]
[SourceQuality "1"]

1. e4 d5 2. exd5 Nf6 3. d4 Bg4 4. Be2 Bxe2 5. Qxe2 Qxd5 6. Nf3 e6 7. 0-0 Nc6 8. Be3 Bd6 9. Nc3 Qh5 10. Qb5 0-0-0 11. Qxh5 Nxh5 12. Ne4 Be7 13. c3 Nf6 14. Nxf6 Bxf6 15. Rfd1 Rd7 16. Rd2 Na5 17. b3 Rhd8 18. Rad1 c5 19. Ne5 Bxe5 20. dxe5 Rxd2 21. Rxd2 Rxd2 22. Bxd2 c4 23. b4 Nc6 24. f4 Ne7 25. Kf2 h5 26. h3 h4 27. Kf3 Kd7 28. Be1 Nf5 29. Bf2 a5 30. b5 a4 31. Kg4 Kc7 32. Bxh4 Kb6 33. Bf2+ Kxb5 34. a3 Kc6 35. Kf3 Kd5 36. g4 Ne7 37. h4 b5 38. h5 Ng8 39. g5 Kc6 40. Ke4 Kc7 41. Bc5 f6 42. exf6 gxf6 43. h6 fxg5 44. fxg5 1-0

[Event "Mumbai Wealth U2050 op 5th"]
[Site "Mumbai"]
[Date "2020.01.04"]
[Round "4"]
[White "Debankan, Dhara"]
[Black "Boricha, Yohan"]
[Result "1-0"]
[WhiteElo "1948"]
[BlackElo "1616"]
[PlyCount "75"]
[EventDate "2020.01.02"]
[EventType "swiss"]
[EventRounds "9"]
[EventCountry "IND"]
[SourceTitle "CBM 194 Extra"]
[Source "ChessBase"]
[SourceDate "2020.03.31"]
[SourceVersion "1"]
[SourceVersionDate "2020.03.31"]
[SourceQuality "1"]

1. d4 d5 2. Nf3 Nf6 3. c4 e6 4. g3 Be7 5. Bg2 0-0 6. 0-0 dxc4 7. Qc2 a6 8. Qxc4 b5 9. Qc2 Bb7 10. Bd2 Be4 11. Qc1 Nbd7 12. Ba5 Rc8 13. Nbd2 Ba8 14. Qc2 Qe8 15. b4 Nd5 16. a3 N5b6 17. Rac1 Nb8 18. Ne5 Bxg2 19. Kxg2 Qd8 20. e3 Qd5+ 21. Kg1 N8d7 22. Nc6 Bd8 23. e4 Qh5 24. Rfe1 Kh8 25. Qd3 f5 26. f4 Nf6 27. Ne5 fxe4 28. Nxe4 Nfd5 29. Nc5 Rf6 30. Nxa6 g5 31. fxg5 Qxg5 32. Rf1 Nf4 33. Qe4 Nh3+ 34. Kg2 Nd5 35. Rxf6 Qxf6 36. Rf1 Ng5 37. Qd3 Qh6 38. h4 1-0